UITU Library & LRC     

Shopper's Guide (Record no. 33480)

MARC details
000 -LEADER
fixed length control field 00591nam a2200145Ia 4500
008 - FIXED-LENGTH DATA ELEMENTS--GENERAL INFORMATION
fixed length control field 260210s9999 xx 000 0 und d
024 ## - OTHER STANDARD IDENTIFIER
Standard number or code 18B-099-SE, 18B-028-SE, 18B-014-SE, 18B-041-SE & 18B-013-SE
100 ## - MAIN ENTRY--PERSONAL NAME
Personal name Muhammad Moin, Kanwar Anus Muzamil, Heba Qaiser, Muhammad Soman Khan, Taha Ahmed Khan
110 ## - MAIN ENTRY--CORPORATE NAME
Corporate name or jurisdiction name as entry element Sir Ali Ahmed
245 #0 - TITLE STATEMENT
Title Shopper's Guide
260 ## - PUBLICATION, DISTRIBUTION, ETC.
Place of publication, distribution, etc. Karachi:
Name of publisher, distributor, etc. UITU,
Date of publication, distribution, etc. 2019
600 ## - SUBJECT ADDED ENTRY--PERSONAL NAME
Personal name Software engineering
650 ## - SUBJECT ADDED ENTRY--TOPICAL TERM
Topical term or geographic name entry element Bachelor of Engineering (BE)
856 ## - ELECTRONIC LOCATION AND ACCESS
Uniform Resource Identifier <a href="https://drive.google.com/file/d/1eaPEV2SSngHfOgoOcLIl3LXEuoCIyNdl/view?usp=sharing">https://drive.google.com/file/d/1eaPEV2SSngHfOgoOcLIl3LXEuoCIyNdl/view?usp=sharing</a>
Link text Click here for PDF

No items available.

Powered by Koha